Mystery Categories #1 - Statistics

General Stats
  • This quiz has been taken 5,393 times
  • The average score is 19 of 30
Answer Stats
Hint Answer % Correct
morw Worm
97%
akmr Mark
95%
elmt Melt
95%
lyf Fly
94%
hefls Shelf
93%
abot Boat
92%
akefl Flake
88%
cikp Pick
88%
eorst Store
84%
tomrs Storm
84%
tfidr Drift
81%
pehl Help
81%
adln Land
79%
weara Aware
61%
abdor Board
60%
acemr Cream
58%
rdeinb Binder
57%
CATEGORY 2 SNOW
57%
egstu Guest
53%
eperke Keeper
53%
rhowt Worth
53%
CATEGORY 1 BOOK
51%
eykoch Hockey
48%
meetes Esteem
46%
ceubtk Bucket
44%
CATEGORY 4 ICE
43%
CATEGORY 5 SELF
35%
CATEGORY 3 HOUSE
28%
tonclor Control
24%
tarers Arrest
19%
No matching quizzes found
Score Distribution
Percent of People with Each Score
Percentile by Number Answered
Your Score History
You have not taken this quiz